00598nam a2200169Ia 4500999001700000003000400017008004100021020001800062082001700080100001600097245003600113260003200149300000800181650001700189942001500206952020700221 c11016d11016OSt191201s2012 xx 000 0 und d a9780241448304 a363.738bGAH aGATES, Bill 0aHow To Avoid A Climate Disaster bAllen Lanec2021aNew Delhi a257 aMotivational 2ddccBK06 00102ddc40708GENERALaPIETbPIETd2021-09-12eKumar Stationery and Book SellerfIN Rupeesg400.00k34738l9o363.738 GAHp33309r2026-04-14 16:03:28s2026-03-30v300.00w2021-09-12yBKzMotivational